Desarrollo de técnicas de simulación en flujos de tráfico
Αποθηκεύτηκε σε:
| Κύριοι συγγραφείς: | , |
|---|---|
| Μορφή: | Βιβλίο |
| Γλώσσα: | Ισπανικά |
| Έκδοση: |
Valparaíso
Universidad Católica de Valparaíso
1981
|
| Θέματα: | |
| Ετικέτες: |
Προσθήκη ετικέτας
Δεν υπάρχουν, Καταχωρήστε ετικέτα πρώτοι!
|
MARC
| LEADER | 00000nam a2200000 a 4500 | ||
|---|---|---|---|
| 001 | UCU5839 | ||
| 003 | CL-VaPUC | ||
| 008 | 960614e19810300CL |||||||||||||||||spa|d | ||
| 082 | 0 | 4 | |a 388.314 |b HUR |2 21 |
| 100 | |a Hurtado Urra, José Sergio |e autor |9 610764 | ||
| 700 | 0 | |a Fariña Vásquez, Orlando |e author |9 363879 | |
| 245 | 1 | 0 | |a Desarrollo de técnicas de simulación en flujos de tráfico |
| 300 | |a 97 h | ||
| 942 | |c BK | ||
| 945 | |d 19960614 00:00:00 |a cmena | ||
| 260 | |a Valparaíso |b Universidad Católica de Valparaíso |c 1981 | ||
| 650 | 7 | |a TRANSITO |2 CL-VaPUC |9 363880 | |
| 650 | 0 | |a Ingeniería civil |9 260076 | |
| 650 | 7 | |a FLUJOS DE REDES |2 CL-VaPUC |9 363881 | |
| 650 | 7 | |a DIAGRAMAS DE OPERACIONES |2 CL-VaPUC |9 359201 | |
| 650 | 0 | |a Programación lineal |9 23 | |
| 650 | 0 | |a Algoritmos |9 260639 | |
| 650 | 0 | |a Aplicaciones de computadores |9 260401 | |
| 650 | 7 | |a TRAFICO URBANO |2 CL-VaPUC |9 363882 | |
| 650 | 0 | |a Vehículos de motor |9 428686 | |
| 583 | |a last modification |c 20170307 12:23:00 |k Rodrigo Vera | ||
| 999 | |c 249012 |d 249010 | ||
| 952 | |0 0 |1 0 |4 0 |6 388_314000000000000_HUR_1981 |7 0 |8 A |9 266003 |a BIBING |b BIBING |d 2019-11-19 |i 1679864 |o 388.314 HUR 1981 |p 1679864 |r 2025-01-20 |w 2019-11-19 |y BK |k TRA | ||